Về các yếu tố chỉ mức độ của tính từ trong phương ngữ Nam bộ /

Na minha lista:
Detalhes bibliográficos
Autor principal: Trần Thị Ngọc Lang.
Formato: Atigo
Idioma:Vietnamese
Assuntos:
Tags: Adicionar Tag
Sem tags, seja o primeiro a adicionar uma tag!
Thư viện lưu trữ: Thư viện Trường Đại học Đà Lạt
LEADER 00705nam a2200253 4500
001 DLU090075143
005 ##20090608
040 # # |a DLU  |b vie 
041 # # |a vie 
044 # # |a vn 
100 # # |a Trần Thị Ngọc Lang.  
245 # # |a Về các yếu tố chỉ mức độ của tính từ trong phương ngữ Nam bộ /  |c Trần Thị Ngọc Lang.  
653 # # |a Ngữ pháp học  
653 # # |a Phát âm 
653 # # |a Phương ngữ  
773 # # |t Tạp chí Khoa học Xã hội Việt Nam  |g Số 10, 1991, tr. 87-91 
994 # # |a DLU 
900 # # |a True 
911 # # |a Nguyễn Thị Linh Chi 
925 # # |a G 
926 # # |a A 
927 # # |a BB 
980 # # |a Thư viện Trường Đại học Đà Lạt